[Event "2.BLO 1617 Bindl Aktionär - BCA Augsbur"]
[Site "?"]
[Date "2017.02.19"]
[Round "8.2"]
[White "Neuman, Petr"]
[Black "Kulaots, Kaido"]
[Result "0-1"]
[WhiteElo "2431"]
[BlackElo "2590"]
[PlyCount "85"]
[EventDate "2017.??.??"]

1. d4 Nf6 2. c4 e6 3. Nc3 Bb4 4. Qc2 d5 5. a3 Bxc3+ 6. Qxc3 c5 7. dxc5 d4 8.
Qg3 Nc6 9. Nf3 O-O 10. b4 e5 11. Bh6 Ne8 12. e4 f6 13. Bd3 a5 14. b5 Nb8 15. c6
bxc6 16. a4 Nd7 17. Bc1 Nc5 18. Nd2 Nc7 19. Ba3 N7e6 20. O-O Kf7 21. Bc2 g5 22.
Bd1 Kg7 23. Re1 Qe8 24. Bxc5 Nxc5 25. Qa3 Rf7 26. Bc2 Be6 27. Nb3 Nxb3 28. Qf8+
Kxf8 29. Bxb3 Rc7 30. Rab1 c5 31. Kf1 Ke7 32. Ba2 Kd6 33. Ke2 f5 34. f3 fxe4
35. fxe4 Rf7 36. Rf1 Qf8 37. Rxf7 Qxf7 38. Rc1 Qf4 39. Bb1 Bg4+ 40. Ke1 Bh5 41.
Bd3 Rf8 42. g3 Qf3 43. Kd2 0-1

[Event "2.BLO 1617 Bindl Aktionär - BCA Augsbur"]
[Site "?"]
[Date "2017.02.19"]
[Round "8.3"]
[White "Arnaudov, G. Petar"]
[Black "Cech, Pavel"]
[Result "1/2-1/2"]
[WhiteElo "2440"]
[BlackElo "2358"]
[PlyCount "100"]
[EventDate "2017.??.??"]

1. c4 c6 2. Nf3 Nf6 3. Nc3 d5 4. d4 dxc4 5. a4 Bf5 6. Ne5 Nbd7 7. Nxc4 Qc7 8.
g3 e5 9. dxe5 Nxe5 10. Bf4 Nfd7 11. Bg2 f6 12. O-O Be6 13. Nxe5 Nxe5 14. a5 a6
15. Qa4 Bd6 16. Ne4 O-O 17. Nxd6 Qxd6 18. Rac1 Rfd8 19. Be3 Nf7 20. Bc5 Qe5 21.
Qb4 Rd7 22. h3 f5 23. Rfe1 Bd5 24. e4 fxe4 25. Bxe4 Bxe4 26. Rxe4 Qf5 27. Rce1
h6 28. h4 Rad8 29. Rf4 Qc2 30. Bd4 Qd3 31. Bb6 Rc8 32. Re7 c5 33. Qe1 Rxe7 34.
Qxe7 Qd5 35. Bc7 Ra8 36. Kh2 Rc8 37. g4 Ra8 38. Rf5 Qc4 39. Bf4 Rf8 40. Bd6 Rc8
41. Bg3 Rf8 42. g5 hxg5 43. hxg5 Qg4 44. Qe6 Kh7 45. Qd5 Qh5+ 46. Kg2 Qg6 47.
Qf3 Ne5 48. Rxe5 Rxf3 49. Kxf3 Qc2 50. Re7 Qf5+ 1/2-1/2

[Event "2.BLO 1617 Bindl Aktionär - BCA Augsbur"]
[Site "?"]
[Date "2017.02.19"]
[Round "8.4"]
[White "Wall, Gavin"]
[Black "Nestorovic, Nikola"]
[Result "1-0"]
[WhiteElo "2343"]
[BlackElo "2495"]
[PlyCount "115"]
[EventDate "2017.??.??"]

1. e4 e5 2. Nf3 Nc6 3. d3 Nf6 4. Be2 g6 5. c4 d6 6. Nc3 Bg7 7. Be3 Ng4 8. Bg5
f6 9. Bh4 Nh6 10. Nd5 O-O 11. Qd2 Nd4 12. Nxd4 exd4 13. Qa5 Rf7 14. O-O b6 15.
Qa4 Bd7 16. Qa6 c6 17. Nb4 Qf8 18. Nc2 f5 19. f3 Kh8 20. Rae1 Bc8 21. Qa4 Bb7
22. Bd1 Ng8 23. exf5 Rxf5 24. Bg3 Be5 25. Re2 Nf6 26. Rfe1 Nd7 27. b4 a5 28.
bxa5 Nc5 29. Bxe5+ dxe5 30. Qa3 Rxa5 31. Qb2 Nxd3 32. Qxb6 Nxe1 33. Qxa5 Nxc2
34. Rxc2 c5 35. Qc7 Qg7 36. Qd6 Qf8 37. Qc7 Qg7 38. Qd6 Qf8 39. Qc7 Qc8 40. Qe7
Ba6 41. Rb2 Qf8 42. Qc7 Qf7 43. Qb8+ Kg7 44. Rb6 Kh6 45. Rxa6 Qxc4 46. Ra4 Qc3
47. Qb5 e4 48. Qe2 exf3 49. gxf3 Qc1 50. Rc4 Rg5+ 51. Kh1 Qf4 52. a4 Re5 53.
Qf2 g5 54. Rc2 g4 55. Qh4+ Kg7 56. Rg2 h5 57. fxg4 Rg5 58. Qxg5+ 1-0

[Event "2.BLO 1617 Bindl Aktionär - BCA Augsbur"]
[Site "?"]
[Date "2017.02.19"]
[Round "8.5"]
[White "Pitl, Gregory"]
[Black "Krensing, Jan"]
[Result "1/2-1/2"]
[WhiteElo "2399"]
[BlackElo "2327"]
[PlyCount "81"]
[EventDate "2017.??.??"]

1. e4 c5 2. Nf3 Nc6 3. d4 cxd4 4. Nxd4 g6 5. c4 Bg7 6. Be3 Nf6 7. Nc3 O-O 8.
Be2 d6 9. O-O Nxd4 10. Bxd4 Bd7 11. Qd2 Bc6 12. f3 a5 13. b3 Nd7 14. Be3 Nc5
15. Rab1 Qb6 16. Rfc1 Rfc8 17. Rc2 h5 18. Bf1 Kh7 19. Kh1 Qd8 20. a3 a4 21. b4
Nb3 22. Qd3 Qe8 23. Re1 Qh8 24. Nd5 Bxd5 25. exd5 Re8 26. c5 dxc5 27. bxc5 Red8
28. Rc4 Bf6 29. Qe4 Qe8 30. c6 bxc6 31. dxc6 Rac8 32. c7 Rd6 33. Rc2 Qd7 34.
Qb7 Na5 35. Qb4 Nc6 36. Qxa4 Rxc7 37. Bb5 Rd1 38. Rc1 Rxe1+ 39. Rxe1 Qd6 40.
Bb6 Rb7 41. Rd1 1/2-1/2

[Event "2.BLO 1617 Bindl Aktionär - BCA Augsbur"]
[Site "?"]
[Date "2017.02.19"]
[Round "8.6"]
[White "Stips, Felix"]
[Black "Stankovic, Milos"]
[Result "0-1"]
[WhiteElo "2307"]
[BlackElo "2386"]
[PlyCount "84"]
[EventDate "2017.??.??"]

1. Nf3 Nf6 2. c4 g6 3. Nc3 d5 4. cxd5 Nxd5 5. Qb3 Nb6 6. d4 Bg7 7. Bf4 Be6 8.
Qc2 Nc6 9. e3 O-O 10. Be2 Nb4 11. Qc1 Bc4 12. O-O Bxe2 13. Nxe2 Nd3 14. Qc2
Nxf4 15. Nxf4 Qd6 16. Rac1 Rac8 17. Rfd1 Nd5 18. Nd3 Nb4 19. Nxb4 Qxb4 20. Rd3
b6 21. Rc3 c5 22. Rc4 Qb5 23. b3 Rfd8 24. h3 Qa6 25. b4 Bf6 26. bxc5 bxc5 27.
Rxc5 Rxc5 28. dxc5 Qc6 29. Qc4 e6 30. a4 Bb2 31. Rb1 Ba3 32. Rb5 a6 33. Rb6 Qc7
34. g3 Bxc5 35. Rxa6 Qb7 36. Kg2 Bxe3 37. fxe3 Rd2+ 38. Kg1 Qb1+ 39. Qf1 Rd1
40. Qxd1 Qxd1+ 41. Kf2 Qc2+ 42. Ke1 Qg2 0-1

[Event "2.BLO 1617 Bindl Aktionär - BCA Augsbur"]
[Site "?"]
[Date "2017.02.19"]
[Round "8.7"]
[White "Schmittdiel, Eckhard"]
[Black "Loew, Gerald"]
[Result "1-0"]
[WhiteElo "2452"]
[BlackElo "2215"]
[PlyCount "115"]
[EventDate "2017.??.??"]

1. e4 c5 2. c3 d5 3. exd5 Qxd5 4. d4 g6 5. Nf3 Bg7 6. Na3 cxd4 7. Nb5 Na6 8.
Nbxd4 Nf6 9. Bxa6 bxa6 10. O-O O-O 11. Re1 Re8 12. Qb3 e5 13. Bg5 Qc5 14. Qa4
Bd7 15. Qxa6 exd4 16. Bxf6 dxc3 17. Bxc3 Rxe1+ 18. Rxe1 Bxc3 19. bxc3 Qxc3 20.
Qb7 Qc6 21. Qb2 Qb6 22. Qd2 Bg4 23. Ng5 Rd8 24. Qf4 Be6 25. Qh4 h5 26. Nxe6 Re8
27. Qc4 Rxe6 28. Rxe6 fxe6 29. h4 Kf7 30. Qf4+ Kg7 31. Qe5+ Kh7 32. a3 a6 33.
Qf6 Qb1+ 34. Kh2 Qf5 35. Qd4 e5 36. Qa7+ Kh6 37. g3 Qf6 38. a4 Qc6 39. a5 Qf3
40. Qc5 Qf6 41. Kg2 Qe6 42. Kf3 Qf5+ 43. Ke3 Qe6 44. Ke4 Qf5+ 45. Kd5 Qf6 46.
Qe3+ Kh7 47. Qb6 Qf5 48. Qc7+ Kg8 49. Qb6 Qd3+ 50. Kxe5 Kg7 51. Qd4 Qb5+ 52.
Kd6+ Kh7 53. Qc5 Qd3+ 54. Qd5 Qa3+ 55. Kc7 Qc3+ 56. Kb8 Kh6 57. Qg5+ Kh7 58.
Qe7+ 1-0

[Event "2.BLO 1617 Bindl Aktionär - BCA Augsbur"]
[Site "?"]
[Date "2017.02.19"]
[Round "8.8"]
[White "Delitzsch, Juergen"]
[Black "Kukov, Velislav"]
[Result "0-1"]
[WhiteElo "2213"]
[BlackElo "2378"]
[PlyCount "76"]
[EventDate "2017.??.??"]

1. e4 d5 2. exd5 Qxd5 3. Nc3 Qd8 4. d4 Nf6 5. Bc4 c6 6. Nf3 Bf5 7. Ne5 e6 8. g4
Be4 9. Nxe4 Nxe4 10. Qf3 Nd6 11. Bd3 Qa5+ 12. Bd2 Qd5 13. Qxd5 cxd5 14. O-O-O
Nc6 15. Nxc6 bxc6 16. Rde1 Kd7 17. Bf4 Be7 18. Bg3 Rac8 19. f4 f5 20. h3 Ne4
21. Bxe4 fxe4 22. Re3 Rhf8 23. Rb3 Bd6 24. Rf1 Kc7 25. Kd2 Rf7 26. f5 Rcf8 27.
Rg1 exf5 28. gxf5 Rxf5 29. Bxd6+ Kxd6 30. Rb7 Rf2+ 31. Ke1 R8f7 32. Rxg7 Rxg7
33. Rxg7 Rxc2 34. b3 Rxa2 35. Rxh7 Rh2 36. Rb7 a5 37. h4 a4 38. b4 a3 0-1

[Event "2.BLO 1617 Nickelhütte Aue - Bad Mergen"]
[Site "?"]
[Date "2017.02.19"]
[Round "8.1"]
[White "Ikonnikov, Vyacheslav"]
[Black "Papp, Gabor"]
[Result "1/2-1/2"]
[WhiteElo "2547"]
[BlackElo "2582"]
[PlyCount "41"]
[EventDate "2017.??.??"]

1. d4 Nf6 2. Nf3 e6 3. c4 d5 4. Nc3 Bb4 5. Bg5 h6 6. Bxf6 Qxf6 7. e3 O-O 8. Rc1
dxc4 9. Bxc4 c5 10. a3 Bxc3+ 11. Rxc3 Rd8 12. Qc2 cxd4 13. Nxd4 Bd7 14. O-O Nc6
15. Nf3 Ne5 16. Be2 Rac8 17. Nd4 Rxc3 18. Qxc3 Nc6 19. Nb5 Qxc3 20. Nxc3 Kf8
21. Rd1 1/2-1/2

[Event "2.BLO 1617 Nickelhütte Aue - Bad Mergen"]
[Site "?"]
[Date "2017.02.19"]
[Round "8.2"]
[White "Prohaszka, Peter"]
[Black "Karpatchev, Aleksandr"]
[Result "1-0"]
[WhiteElo "2590"]
[BlackElo "2513"]
[PlyCount "103"]
[EventDate "2017.??.??"]

1. Nf3 d5 2. b3 c5 3. e3 Nf6 4. Bb2 Bg4 5. h3 Bxf3 6. Qxf3 Nc6 7. Bb5 e6 8. c4
Be7 9. cxd5 exd5 10. Bxc6+ bxc6 11. O-O O-O 12. d3 Nd7 13. Nc3 Rb8 14. Rfd1 f5
15. Rac1 Kh8 16. Na4 Bd6 17. Rc2 f4 18. d4 fxe3 19. Qxe3 c4 20. bxc4 Qa5 21.
Nc5 Nb6 22. Bc3 Qa3 23. cxd5 Bf4 24. Qd3 cxd5 25. Bd2 Qxd3 26. Nxd3 Bxd2 27.
Rcxd2 Rfe8 28. Ne5 Nc4 29. Nxc4 dxc4 30. Rc1 Rb4 31. Rdc2 Rc8 32. d5 Kg8 33. d6
Kf7 34. d7 Rd8 35. Rxc4 Rxc4 36. Rxc4 Rxd7 37. Kf1 Rb7 38. Ra4 Ke6 39. Ra5 Kd6
40. g4 Rf7 41. Ke2 Ke6 42. f3 Re7 43. h4 g6 44. h5 Kf6+ 45. Kf2 Rd7 46. Kg3 Rc7
47. Ra6+ Kg7 48. hxg6 hxg6 49. Kh4 Rb7 50. a4 Rd7 51. f4 Rc7 52. a5 1-0

[Event "2.BLO 1617 Nickelhütte Aue - Bad Mergen"]
[Site "?"]
[Date "2017.02.19"]
[Round "8.3"]
[White "Gasthofer, Alexander"]
[Black "Meijers, Viesturs"]
[Result "1/2-1/2"]
[WhiteElo "2422"]
[BlackElo "2483"]
[PlyCount "63"]
[EventDate "2017.??.??"]

1. Nf3 Nf6 2. g3 b6 3. Bg2 Bb7 4. c4 c5 5. Nc3 e6 6. O-O Be7 7. d4 cxd4 8. Qxd4
O-O 9. Bf4 Nc6 10. Qd2 Na5 11. b3 d5 12. cxd5 Nxd5 13. Nxd5 Qxd5 14. Qxd5 Bxd5
15. Ne5 Bxg2 16. Kxg2 f6 17. Nd3 Rac8 18. Rfc1 e5 19. Rxc8 Rxc8 20. Rc1 Rxc1
21. Bxc1 Kf7 22. e4 Nc6 23. Bb2 Nb4 24. Nxb4 Bxb4 25. Kf3 b5 26. Ke2 Ke6 27. f3
g6 28. g4 a6 29. h3 Bc5 30. Bc3 Bd6 31. Bd2 Bc5 32. Bc3 1/2-1/2

[Event "2.BLO 1617 Nickelhütte Aue - Bad Mergen"]
[Site "?"]
[Date "2017.02.19"]
[Round "8.4"]
[White "Slobodjan, Roman"]
[Black "Ivanov, Mikail"]
[Result "1/2-1/2"]
[WhiteElo "2458"]
[BlackElo "2414"]
[PlyCount "40"]
[EventDate "2017.??.??"]

1. Nf3 d5 2. g3 c5 3. Bg2 Nc6 4. d4 Nf6 5. O-O cxd4 6. Nxd4 Qb6 7. Nxc6 bxc6 8.
c4 e6 9. Nc3 Be7 10. cxd5 Nxd5 11. Na4 Qc7 12. Bd2 O-O 13. Rc1 Ba6 14. Bf3 Rfd8
15. Nc5 Qb6 16. Nxa6 Qxa6 17. Qc2 Rab8 18. b3 c5 19. Rfd1 Nb4 20. Bxb4 Rd3
1/2-1/2

[Event "2.BLO 1617 Nickelhütte Aue - Bad Mergen"]
[Site "?"]
[Date "2017.02.19"]
[Round "8.5"]
[White "Rakotomaharo, Fy Antenaina"]
[Black "Spiess, Gunter"]
[Result "1-0"]
[WhiteElo "2420"]
[BlackElo "2430"]
[PlyCount "47"]
[EventDate "2017.??.??"]

1. e4 e6 2. d4 d5 3. Nc3 Nf6 4. Bg5 dxe4 5. Nxe4 Nbd7 6. Nxf6+ Nxf6 7. Nf3 c5
8. Bb5+ Bd7 9. Bxd7+ Qxd7 10. Qe2 Be7 11. Ne5 Qxd4 12. O-O O-O 13. Rad1 Qa4 14.
Qf3 Rfe8 15. Qxb7 Rab8 16. Qf3 Rxb2 17. Nc6 Bf8 18. Bxf6 gxf6 19. Rd7 Qh4 20.
Rxa7 Rxc2 21. Qd3 Bd6 22. Qxd6 Qc4 23. Qg3+ Kf8 24. Ne7 1-0

[Event "2.BLO 1617 Nickelhütte Aue - Bad Mergen"]
[Site "?"]
[Date "2017.02.19"]
[Round "8.6"]
[White "Wichmann, Cliff"]
[Black "Panzalovic, Srdjan"]
[Result "1/2-1/2"]
[WhiteElo "2293"]
[BlackElo "2435"]
[PlyCount "99"]
[EventDate "2017.??.??"]

1. d4 d6 2. e4 g6 3. Nf3 Nf6 4. Nc3 Bg7 5. Be2 O-O 6. O-O e6 7. h3 b6 8. e5
dxe5 9. Nxe5 Bb7 10. Bf3 c6 11. Ne4 Nxe4 12. Bxe4 Qc7 13. Bf4 Qc8 14. Qd2 Rd8
15. Qe3 Nd7 16. Nxd7 Rxd7 17. c3 c5 18. dxc5 bxc5 19. Rad1 Bd5 20. Rd2 Bxe4 21.
Rxd7 Qxd7 22. Qxe4 Rd8 23. Be3 Qb5 24. Qc2 h5 25. b4 cxb4 26. cxb4 Qxb4 27.
Bxa7 Ra8 28. Rb1 Qa5 29. Rb8+ Rxb8 30. Bxb8 Qe1+ 31. Kh2 h4 32. g3 Bd4 33. Kg2
e5 34. gxh4 Qb4 35. Qb3 Qd2 36. Qg3 Qxa2 37. Qf3 Bxf2 38. Qxf2 Qa8+ 39. Qf3
Qxb8 40. h5 Qb2+ 41. Kg3 Qb1 42. Qa8+ Kh7 43. hxg6+ Qxg6+ 44. Kf2 Qf5+ 45. Ke1
Qxh3 46. Qe4+ Kh6 47. Qxe5 Qe6 48. Qxe6+ fxe6 49. Ke2 Kg5 50. Ke3 1/2-1/2

[Event "2.BLO 1617 Nickelhütte Aue - Bad Mergen"]
[Site "?"]
[Date "2017.02.19"]
[Round "8.7"]
[White "Raps, Johannes"]
[Black "Cerveny, Martin"]
[Result "0-1"]
[WhiteElo "2173"]
[BlackElo "2384"]
[PlyCount "76"]
[EventDate "2017.??.??"]

1. d4 d5 2. Nf3 Nf6 3. g3 Bf5 4. Bg2 e6 5. O-O Be7 6. c4 c6 7. Qb3 Qb6 8. Bf4
Nbd7 9. Nbd2 h6 10. Rfc1 O-O 11. h3 g5 12. Be3 Ne4 13. c5 Qc7 14. Nxe4 Bxe4 15.
Nd2 Bxg2 16. Kxg2 e5 17. dxe5 Nxe5 18. Bd4 Ng6 19. Qc3 f5 20. Nf3 Kh7 21. b4 a6
22. e3 Qd7 23. Rd1 Qe6 24. Qc2 Rf7 25. a4 Raf8 26. Rd2 Kg8 27. Re1 Bd8 28. Bc3
h5 29. Nd4 Qd7 30. Qd1 Rh7 31. Qc2 Rh6 32. Nf3 h4 33. gxh4 g4 34. Ng1 f4 35.
Kf1 f3 36. h5 gxh3 37. Nxf3 Rxf3 38. hxg6 Qg4 0-1

[Event "2.BLO 1617 Nickelhütte Aue - Bad Mergen"]
[Site "?"]
[Date "2017.02.19"]
[Round "8.8"]
[White "Schnabel, Ralf"]
[Black "Gross, Willi"]
[Result "1/2-1/2"]
[WhiteElo "2234"]
[BlackElo "2100"]
[PlyCount "53"]
[EventDate "2017.??.??"]

1. e4 c5 2. Nf3 Nc6 3. d4 cxd4 4. Nxd4 g6 5. Nc3 Bg7 6. Nb3 Nf6 7. Bg5 O-O 8.
Be2 a5 9. a4 Nb4 10. f4 d5 11. e5 Ne4 12. Nxe4 dxe4 13. c3 Nd3+ 14. Bxd3 exd3
15. O-O Qb6+ 16. Kh1 f6 17. exf6 exf6 18. Bh4 Bg4 19. Qxg4 Qxb3 20. Rf2 Rad8
21. Rd2 Qc4 22. h3 Rfe8 23. Qf3 Rd5 24. Re1 Rxe1+ 25. Bxe1 f5 26. Bf2 Rd7 27.
Kh2 1/2-1/2

[Event "2.BLO 1617 SK Passau - BCA Augsburg"]
[Site "?"]
[Date "2017.03.19"]
[Round "9.1"]
[White "Rozentalis, Eduardas"]
[Black "Suran, Jan"]
[Result "1-0"]
[WhiteElo "2576"]
[BlackElo "2409"]
[PlyCount "129"]
[EventDate "2017.??.??"]

1. e4 c5 2. Nf3 e6 3. c3 Nf6 4. e5 Nd5 5. Bc4 d6 6. O-O dxe5 7. Nxe5 Bd6 8. d4
Qc7 9. Re1 O-O 10. Bd3 cxd4 11. cxd4 Nc6 12. Nxc6 Qxc6 13. Bg5 Qd7 14. Nc3 Nxc3
15. bxc3 Be7 16. Bf4 b6 17. Qh5 g6 18. Qe5 Rd8 19. Bb5 Bd6 20. Bxd7 Bxe5 21.
Bc6 Bxf4 22. Bxa8 Ba6 23. Bf3 Bd2 24. Red1 Bxc3 25. Rac1 Bxd4 26. Rc7 e5 27.
Re7 Rd6 28. Rc1 Bc5 29. Rxa7 Bd3 30. Re7 e4 31. Re8+ Kg7 32. Bxe4 Bxe4 33. Rxe4
Rd2 34. Rf4 Rxa2 35. g4 h6 36. Rd1 Ra7 37. Rd5 Re7 38. Kg2 Re6 39. Rd7 Rf6 40.
Rf3 Rxf3 41. Kxf3 Kf6 42. h3 Ke6 43. Rc7 Kf6 44. Ke2 g5 45. Rc6+ Kg7 46. f3 Bg1
47. Kd3 Bf2 48. Ke4 Bg1 49. Ke5 Be3 50. Rc8 b5 51. Rc2 b4 52. Kd5 h5 53. Rb2
hxg4 54. hxg4 Bf4 55. Rxb4 Be3 56. Ke4 Bc1 57. Kf5 Bd2 58. Rb1 Bc3 59. Rh1 Bd2
60. Rh5 Be3 61. Rxg5+ Bxg5 62. Kxg5 Kg8 63. Kf6 Kf8 64. f4 Kg8 65. Ke7 1-0

[Event "2.BLO 1617 SK Passau - BCA Augsburg"]
[Site "?"]
[Date "2017.03.19"]
[Round "9.2"]
[White "Schwabeneder, Florian"]
[Black "Arnaudov, G. Petar"]
[Result "1/2-1/2"]
[WhiteElo "2358"]
[BlackElo "2440"]
[PlyCount "42"]
[EventDate "2017.??.??"]

1. e4 g6 2. d4 Bg7 3. Nc3 c6 4. h3 d6 5. Be3 Nf6 6. Nf3 O-O 7. a4 Nbd7 8. Qd2
Qa5 9. Bd3 e5 10. dxe5 dxe5 11. Nb1 Qc7 12. Na3 Re8 13. O-O Nf8 14. Nc4 b6 15.
c3 Ba6 16. Ncxe5 Bxd3 17. Nxd3 Nxe4 18. Qc2 c5 19. Bf4 Qb7 20. Rfe1 Nf6 21.
Nde5 Rad8 {(=)} 1/2-1/2

[Event "2.BLO 1617 SK Passau - BCA Augsburg"]
[Site "?"]
[Date "2017.03.19"]
[Round "9.3"]
[White "Nestorovic, Nikola"]
[Black "Weiss, Christian"]
[Result "1/2-1/2"]
[WhiteElo "2495"]
[BlackElo "2358"]
[PlyCount "77"]
[EventDate "2017.??.??"]

1. e4 c5 2. Nf3 e6 3. d4 cxd4 4. Nxd4 a6 5. c4 Nf6 6. Nc3 Qc7 7. Be2 Bb4 8. Qd3
Nc6 9. Nxc6 dxc6 10. Be3 e5 11. O-O Bxc3 12. bxc3 Be6 13. c5 Rd8 14. Qc2 O-O
15. Rab1 Ng4 16. Bg5 f6 17. Bc1 Rd7 18. h3 Nh6 19. Rb6 Nf7 20. Be3 Qd8 21. Qb2
Qe7 22. a4 Rc8 23. Qb4 h6 24. Kh2 g5 25. g3 Rf8 26. Rb1 Nd8 27. Re1 Qh7 28. f4
gxf4 29. gxf4 f5 30. Rg1+ Rg7 31. Qb1 fxe4 32. fxe5 Qf5 33. Rxg7+ Kxg7 34. Qg1+
Kh7 35. Qg3 Rg8 36. Bg4 Qg6 37. Qh4 Bxg4 38. hxg4 Rh8 39. g5 {(Rest unklar)}
1/2-1/2

[Event "2.BLO 1617 SK Passau - BCA Augsburg"]
[Site "?"]
[Date "2017.03.19"]
[Round "9.4"]
[White "Hiermann, Dietmar"]
[Black "Pitl, Gregory"]
[Result "1/2-1/2"]
[WhiteElo "2252"]
[BlackElo "2399"]
[PlyCount "26"]
[EventDate "2017.??.??"]

1. e4 c6 2. Nc3 d5 3. Nf3 Bg4 4. h3 Bxf3 5. Qxf3 e6 6. b3 Nf6 7. Bb2 Be7 8.
O-O-O O-O 9. d4 b5 10. e5 Nfd7 11. Bd3 Re8 12. h4 Nf8 13. Qg4 Nbd7 1/2-1/2

[Event "2.BLO 1617 SK Passau - BCA Augsburg"]
[Site "?"]
[Date "2017.03.19"]
[Round "9.5"]
[White "Stankovic, Milos"]
[Black "Testor, Sebastian"]
[Result "1/2-1/2"]
[WhiteElo "2386"]
[BlackElo "2303"]
[PlyCount "65"]
[EventDate "2017.??.??"]

1. e4 e6 2. d4 d5 3. Nc3 Nf6 4. Bg5 dxe4 5. Nxe4 Nbd7 6. Nf3 h6 7. Nxf6+ Nxf6
8. Be3 Nd5 9. Bd2 c5 10. Ne5 a6 11. dxc5 Bxc5 12. Qf3 Qf6 13. Qxf6 Nxf6 14. Be2
Nd7 15. Nd3 Bd6 16. Bc3 f6 17. O-O-O Nc5 18. Bf3 Ke7 19. g3 Rb8 20. Nf4 Rd8 21.
Nh5 Kf7 22. Rd2 Be7 23. Rxd8 Bxd8 24. Rd1 Be7 25. Nf4 g6 26. h4 h5 27. Bd2 e5
28. Nd5 Bg4 29. Bxg4 hxg4 30. Bb4 Rc8 31. Nxe7 Kxe7 32. Rd5 b6 33. Bxc5+ {(=)}
1/2-1/2

[Event "2.BLO 1617 SK Passau - BCA Augsburg"]
[Site "?"]
[Date "2017.03.19"]
[Round "9.6"]
[White "Hellmayr, Alois"]
[Black "Schmittdiel, Eckhard"]
[Result "1/2-1/2"]
[WhiteElo "2213"]
[BlackElo "2452"]
[PlyCount "58"]
[EventDate "2017.??.??"]

1. Nf3 c5 2. g3 d6 3. d4 cxd4 4. Nxd4 d5 5. Bg2 e5 6. Nb3 Ne7 7. c4 dxc4 8.
Qxd8+ Kxd8 9. Na5 Nec6 10. Nxc4 Bb4+ 11. Bd2 Bxd2+ 12. Nbxd2 Ke7 13. O-O f6 14.
Rac1 Rd8 15. Nb3 Bg4 16. Rfe1 Be6 17. Nc5 Bxc4 18. Rxc4 Rd2 19. b4 b5 20. Rc3
a5 21. Nb3 Rd6 22. bxa5 Ra7 23. Rc5 Nxa5 24. Rxb5 Nac6 25. Rc1 Rxa2 26. Rb7+
Kf8 27. Rc7 Rb2 28. Bxc6 Rxc6 29. R1xc6 Nxc6 1/2-1/2

[Event "2.BLO 1617 SK Passau - BCA Augsburg"]
[Site "?"]
[Date "2017.03.19"]
[Round "9.7"]
[White "Kukov, Velislav"]
[Black "Offinger, Robert"]
[Result "1-0"]
[WhiteElo "2378"]
[BlackElo "2184"]
[PlyCount "73"]
[EventDate "2017.??.??"]

1. d4 d5 2. Bf4 c6 3. e3 Bf5 4. c4 Nd7 5. cxd5 cxd5 6. Nc3 e6 7. Nf3 Ngf6 8.
Be2 Be7 9. O-O O-O 10. Nb5 Ne8 11. Rc1 a6 12. Nc7 Rc8 13. Nxe8 Rxe8 14. Qa4 g5
15. Rxc8 Qxc8 16. Bxg5 Bxg5 17. Nxg5 Qc7 18. Bh5 Bg6 19. Bxg6 hxg6 20. Qb4 Nf6
21. Nf3 Rc8 22. Ne5 Kg7 23. Nd3 Ne4 24. g3 a5 25. Qb5 Qc4 26. Qxb7 Nd6 27. Qb3
Qxb3 28. axb3 Rc2 29. Nc5 Rxb2 30. Ra1 Nb5 31. Rxa5 Nc3 32. Ra7 Kg8 33. Ra1 Nb1
34. Kg2 Nd2 35. h4 Nxb3 36. Ra8+ Kg7 37. Rb8 1-0

[Event "2.BLO 1617 SK Passau - BCA Augsburg"]
[Site "?"]
[Date "2017.03.19"]
[Round "9.8"]
[White "Linhart, Wolfgang"]
[Black "Lipok, Christoph"]
[Result "1/2-1/2"]
[WhiteElo "2129"]
[BlackElo "2249"]
[PlyCount "53"]
[EventDate "2017.??.??"]

1. d4 f5 2. Nf3 Nf6 3. Bf4 g6 4. e3 Bg7 5. h3 O-O 6. Nbd2 Nc6 7. Bc4+ Kh8 8.
O-O d6 9. c3 Qe8 10. Bh2 a6 11. b4 e5 12. a4 e4 13. Ne1 Nh5 14. Nc2 Bh6 15. Qe2
Ne7 16. f3 exf3 17. Rxf3 Bd7 18. a5 Bc6 19. Rf2 Nd5 20. Bxd5 Bxd5 21. Re1 Qa4
22. Qd3 Rae8 23. c4 Be4 24. Nxe4 fxe4 25. Rxf8+ Bxf8 26. Qe2 Bg7 27. Rf1 {(=)}
1/2-1/2

[Event "2.BLO 1617 SC Garching - Bad Mergenthei"]
[Site "?"]
[Date "2017.03.19"]
[Round "9.1"]
[White "Ikonnikov, Vyacheslav"]
[Black "Stocek, Jiri"]
[Result "1/2-1/2"]
[WhiteElo "2547"]
[BlackElo "2566"]
[PlyCount "59"]
[EventDate "2017.??.??"]

1. d4 Nf6 2. Nf3 b6 3. c4 Bb7 4. g3 g6 5. Bg2 Bg7 6. O-O O-O 7. d5 Ne4 8. Nbd2
Nc5 9. Rb1 a5 10. b3 e6 11. dxe6 dxe6 12. Bb2 Bxb2 13. Rxb2 Qf6 14. Qc1 Rd8 15.
a3 Nbd7 16. b4 axb4 17. axb4 Ne4 18. Nxe4 Bxe4 19. Rd2 Nf8 20. Rfd1 Rxd2 21.
Qxd2 Ra1 22. Nd4 Rxd1+ 23. Qxd1 Bxg2 24. Kxg2 Qd8 25. Qd3 c5 26. bxc5 bxc5 27.
Nb3 Qc7 28. Nd2 Nd7 29. Ne4 Kf8 30. f3 {(=)} 1/2-1/2

[Event "2.BLO 1617 SC Garching - Bad Mergenthei"]
[Site "?"]
[Date "2017.03.19"]
[Round "9.3"]
[White "Gasthofer, Alexander"]
[Black "Bredl, Harald"]
[Result "1-0"]
[WhiteElo "2422"]
[BlackElo "2338"]
[PlyCount "63"]
[EventDate "2017.??.??"]

1. d4 d5 2. Bf4 Bg4 3. h3 Bh5 4. c4 dxc4 5. Qa4+ c6 6. Qxc4 Nf6 7. Nc3 b5 8.
Qb3 b4 9. Na4 Nbd7 10. e3 Qa5 11. Rc1 e6 12. Rxc6 Nd5 13. Bg3 Be7 14. Bd3 O-O
15. Ne2 N7b6 16. Nxb6 axb6 17. Nc1 Rfc8 18. Rxc8+ Rxc8 19. O-O Bg6 20. e4 Nf6
21. f3 Qg5 22. Ne2 Qe3+ 23. Bf2 Qh6 24. Bc4 Kh8 25. Be3 Qh4 26. Kh2 Bxe4 27. g3
Bd6 28. Kg2 Bxg3 29. Nxg3 Bd5 30. Rc1 Bxf3+ 31. Kxf3 Qxh3 32. Bxe6 1-0

[Event "2.BLO 1617 SC Garching - Bad Mergenthei"]
[Site "?"]
[Date "2017.03.19"]
[Round "9.4"]
[White "Seifert, Volker"]
[Black "Ivanov, Mikail"]
[Result "0-1"]
[WhiteElo "2332"]
[BlackElo "2414"]
[PlyCount "102"]
[EventDate "2017.??.??"]

1. d4 e6 2. c4 Bb4+ 3. Bd2 a5 4. Nf3 d5 5. Qc2 Nf6 6. g3 O-O 7. Bg2 c5 8. Bxb4
axb4 9. dxc5 d4 10. Ne5 Qa5 11. Nd2 Qxc5 12. Nd3 Qe7 13. c5 Na6 14. O-O e5 15.
Ne4 Nxe4 16. Bxe4 Rd8 17. Qc4 Be6 18. Qb5 Bd5 19. Bxd5 Rxd5 20. Rfc1 Rc8 21.
Nxb4 Rdxc5 22. Nd3 Rxb5 23. Rxc8+ Qf8 24. Rxf8+ Kxf8 25. f3 f5 26. a4 Rd5 27.
Rc1 e4 28. Nf4 Rd6 29. Kf1 Kf7 30. fxe4 fxe4 31. h4 Kf6 32. Rc4 Ke5 33. b4 Rc6
34. Rxc6 bxc6 35. b5 cxb5 36. axb5 Nc5 37. b6 Kd6 38. Nh5 Ne6 39. e3 d3 40. g4
Kc6 41. b7 Kxb7 42. Ng3 Nc5 43. Nh5 g5 44. hxg5 Ne6 45. g6 hxg6 46. Nf6 Ng5 47.
Nd5 Kc6 48. Ne7+ Kc5 49. Nxg6 Kb4 50. Ne5 Kc3 51. Ke1 Nf3+ 0-1

[Event "2.BLO 1617 SC Garching - Bad Mergenthei"]
[Site "?"]
[Date "2017.03.19"]
[Round "9.5"]
[White "Rakotomaharo, Fy Antenaina"]
[Black "Koepke, Christian"]
[Result "1-0"]
[WhiteElo "2420"]
[BlackElo "2317"]
[PlyCount "71"]
[EventDate "2017.??.??"]

1. e4 c5 2. Nf3 d6 3. d4 cxd4 4. Nxd4 Nf6 5. Nc3 g6 6. Be3 Bg7 7. f3 O-O 8. Qd2
Nc6 9. O-O-O d5 10. Nxc6 bxc6 11. exd5 cxd5 12. Bh6 Bxh6 13. Qxh6 Rb8 14. Qe3
Rb7 15. h4 Qa5 16. h5 Qb4 17. b3 Bf5 18. Rd4 Qc5 19. hxg6 Bxg6 20. Kb2 Rc7 21.
f4 Rfc8 22. Rh3 Qb6 23. Qe5 Ne4 24. Nxd5 Rxc2+ 25. Ka3 Qc5+ 26. b4 Rxa2+ 27.
Kxa2 Qc2+ 28. Ka3 Qc1+ 29. Ka4 Qa1+ 30. Ra3 Nc3+ 31. Nxc3 Bc2+ 32. Kb5 Qxa3 33.
f5 f6 34. Qe6+ Kg7 35. Rg4+ Kh6 36. Qe3+ 1-0